| 000 | 01645cam a2200457 i 4500 | ||
|---|---|---|---|
| 001 | 21392763 | ||
| 003 | OSt | ||
| 005 | 20260331101218.0 | ||
| 008 | 200121t20202020gw a 000 0 eng | ||
| 010 | _a 2020931272 | ||
| 020 |
_a9783035620665 _q(paperback ; _qacid-free paper) |
||
| 020 |
_z9783035620696 _q(e-book) |
||
| 020 |
_z9783035620658 _q(French language edition) |
||
| 020 |
_z9783035620702 _q(e-book ; _qFrench language edition) |
||
| 020 |
_z9783035620672 _q(German language edition) |
||
| 020 |
_z9783035620689 _q(e-book ; _qGerman language edition) |
||
| 035 | _a21392763 | ||
| 040 |
_aDLC _beng _erda _cDLC _dDLC |
||
| 041 | 1 |
_aeng _hfre |
|
| 042 | _apcc | ||
| 043 | _ae-sz--- | ||
| 050 | 0 | 0 |
_aNA1053.J4 _bA5413 2020 |
| 082 | _a720.92 A54 2020 | ||
| 100 | 0 |
_aLe Corbusier, _d1887-1965, _eauthor. |
|
| 240 | 1 | 0 |
_aPetite maison, 1923. _lEnglish |
| 245 | 1 | 2 |
_aA little house, 1923 / _cLe Corbusier. |
| 250 | _aNew edition. | ||
| 264 | 1 |
_aBerlin ; _aBoston : _bBirkhäuser, _c[2020] |
|
| 264 | 4 | _c©2020 | |
| 300 |
_a98 pages : _billustrations (some color) ; _c17 cm |
||
| 336 |
_atext _btxt _2rdacontent |
||
| 337 |
_aunmediated _bn _2rdamedia |
||
| 338 |
_avolume _bnc _2rdacarrier |
||
| 500 | _aTranslation of: Une petite maison, 1923. Zurich : Girsberger, 1954. | ||
| 610 | 2 | 0 | _aVilla "Le Lac" (Corseaux, Switzerland) |
| 650 | 0 |
_aSmall houses _vSwitzerland. |
|
| 650 | 0 |
_aArchitecture, Domestic _zSwitzerland. |
|
| 906 |
_a7 _bcbc _corignew _d2 _eepcn _f20 _gy-gencatlg |
||
| 942 |
_2ddc _cBK-EN _n0 |
||
| 999 |
_c8674 _d8674 |
||